Associative algebras /

Guardado en:
Autor Principal: Pierce, Richard S. 1927-
Formato: Libro
Idioma:English
Publicado: New York : Springer-Verlag, c1982.
Series:Graduate texts in mathematics ; 88
Materias:
Etiquetas: Agregar Etiqueta
Sin Etiquetas, Sea el primero en etiquetar este registro!
LEADER 00686cam a2200217 a 4500
001 MAT.inmabb003083
008 820212s1982####nyu######b####001#0#eng##
005 20130301123906.0
245 1 0 |a Associative algebras /  |c Richard S. Pierce. 
260 |a New York :  |b Springer-Verlag,  |c c1982. 
300 |a xii, 436 p. ;  |c 25 cm. 
440 0 |a Graduate texts in mathematics ;  |v 88 
504 |a Bibliografía: p. 421-424. 
510 4 |a MR,  |c 84c:16001 
020 |a 0387906932 
100 1 |a Pierce, Richard S.  |q (Richard Scott),  |d 1927- 
650 0 |a Associative algebras. 
084 |a 16-01 (12-01)  |2 msc2000 
010 |a  82000862  
040 |a DLC  |c DLC  |d DLC 
859 |h 16  |i P615  |p A-5997  |b BIB. MATEMATICA